000 01424cam a2200229 4500
001 ABS63681
008 000000n2001 000 0 eng u
035 _a(Sirsi) u111617
100 _aBingham, T.
245 _aPlaying for both sides
260 _c2001
490 _aBuilding
_v266(8172) 9 March 2001, 56-57(2)
520 _aConsiders the ruling in "Glencot Developments & Design Co Ltd v Ben Barrett & Son (Contractors) Ltd", and the lessons it has for adjudicators. The case involved an adjudicator who was asked by the two parties involved to become a mediator, and then returned to his role of adjudicator. The Construction Act requires an adjudicator to act impartially. The judge concluded that the adjudicator's state of mind was irrelevant, and that it was possible to argue he had compromised his impartiality by his actions. The former considered the part of the dispute that might be affected by bias and made a conditional order for the other parts in favour of Glencot.
590 _aABS
650 _aMEDIATORS
650 _aMANAGEMENT-DISPUTE AVOIDANCE, MANAGEMENT AND RESOLUTION-DISPUTE MANAGEMENT AND RESOLUTION-ALTERNATIVE DISPUTE RESOLUTION-ADJUDICATION-ADJUDICATORS
650 _aGLENCOT DEVELOPMENT AND DESIGN CO LTD V BEN BARRETT AND SON (CONTRACTORS) LTD
650 _aIMPARTIALITY
650 _aALTERNATIVE DISPUTE RESOLUTION
690 _aDispute resolution
_96236
942 _n0
999 _c66508
_d66508